000 00633nam a2200217Ia 4500
003 GCL
008 140319s9999 xx 000 0 ara d
040 _aGCL /
_cGCL
082 0 4 _aط
_b372.52
_bع ت
100 1 _aعبدالتواب يوسف
245 1 0 _aالاشكال /
_cعبدالتواب يوسف
260 _a[S.N] :
_bالدار المصرية اللبنانية
300 _a24
490 _aتعلم كيف ترسم
_v0
650 0 4 _aالاطفال
650 0 4 _aالرسم
650 0 4 _aالتربية الفنية
650 0 4 _aرسم الحيوانات
650 0 4 _aرسم الاشخاص
942 _2ddc
_cBK
999 _c30869
_d30869